Countries That Controlled Africa (with a map) - Statistics

General Stats
  • This quiz has been taken 2,354 times
    2,284 since last reset
  • The average score is 43 of 47
Answers on the Map
Answers color-coded by a green-red scale on the quiz's map according to % correct below.
 
Answer Stats
Colonized by... Country % Correct
French Morocco
99%
British Botswana
97%
British Egypt
97%
British Ghana
97%
British Guinea
97%
British Kenya
97%
British Lesotho
97%
British Malawi
97%
British Nigeria
97%
British Sierra Leone
97%
British South Africa
97%
British South Sudan
97%
British Sudan
97%
British Swaziland
97%
British Uganda
97%
British Zambia
97%
British Zimbabwe
97%
Britsh Gambia
96%
French Algeria
93%
French Benin
93%
French Burkina Faso
93%
French Central African Republic
93%
French Chad
93%
French Cote d'Ivoire
93%
French Djibouti
93%
French Gabon
93%
French Madagascar
93%
French Mali
93%
French Mauritania
93%
French Niger
93%
French Republic of the Congo
93%
French Senegal
93%
French Tunisia
93%
German Burundi
85%
German Cameroon
85%
Spanish Equatorial Guinea
85%
Italian Eritrea
85%
Italian Libya
85%
German Namibia
85%
German Rwanda
85%
Italian Somalia
85%
German Tanzania
85%
German Togo
85%
Portuguese Angola
84%
Portuguese Guinea-Bissau
84%
Portuguese Mozambique
84%
Belgian D.R. Congo
82%
No matching quizzes found
Score Distribution
Percent of People with Each Score
Percentile by Number Answered
Your Score History
You have not taken this quiz since the last reset